000 00872nam a22002177a 4500
003 OSt
005 20260304113755.0
008 250130b |||||||| |||| 00| 0 eng d
040 _c0
082 _aDPer 370.15 J826 October-November 2023 v. 115 n. 7-8
100 _aMenendez, David.
_eauthor.
_964794
245 _aCues to generality :
_bintegrating linguistic and visual information when generalizing biological information /
_cDavid Menendez.
260 _aWashington, DC ;
_bAmerican Psychological Association ,
_cNovember 2023.
300 _aVolume 115, pages 1110-1124 :
_billustration ;
_c28 cm.
500 _aJournal of Educational Psychology, vol. 115, no. 8, pages 1110-1124, November 2023.
650 0 _aCues.
_964993
650 0 _aGeneralization.
_964994
650 0 _aVisual perception.
_9511
700 _aMenendez, David.
_eauthor.
_964794
942 _2ddc
_cPER
999 _c23369
_d23369